Beato de Liébana : (Record no. 306129)
[ view plain ]
| 000 -LEADER | |
|---|---|
| fixed length control field | 00685nam a2200217 a 4500 |
| 001 - CONTROL NUMBER | |
| control field | 000861888 |
| 003 - CONTROL NUMBER IDENTIFIER | |
| control field | AM-YeHGA |
| 005 - DATE AND TIME OF LATEST TRANSACTION | |
| control field | 20250617145105.0 |
| 008 - FIXED-LENGTH DATA ELEMENTS--GENERAL INFORMATION | |
| fixed length control field | 111117s19uu sp ah 000 0 spa d |
| 040 ## - CATALOGING SOURCE | |
| Original cataloging agency | AM-YeHGA |
| 041 0# - LANGUAGE CODE | |
| Language code of text/sound track or separate title | spa |
| 090 ## - LOCALLY ASSIGNED LC-TYPE CALL NUMBER (OCLC); LOCAL CALL NUMBER (RLIN) | |
| -- | 307837 |
| 245 00 - TITLE STATEMENT | |
| Title | Beato de Liébana : |
| Remainder of title | Los Beatos mas hermosos. |
| 246 30 - VARYING FORM OF TITLE | |
| Title proper/short title | Los Beatos mas hermosos |
| 260 ## - PUBLICATION, DISTRIBUTION, ETC. | |
| Place of publication, distribution, etc. | Barcelona ; |
| -- | Madrid : |
| Name of publisher, distributor, etc. | M. Moliero editor, S. A., |
| Date of publication, distribution, etc. | s.a. |
| 300 ## - PHYSICAL DESCRIPTION | |
| Extent | [36] p. : |
| Other physical details | ill. |
| 600 00 - SUBJECT ADDED ENTRY--PERSONAL NAME | |
| Personal name | Beatus, |
| Titles and other words associated with a name | Saint, Presbyter of Liebana, |
| Dates associated with a name | d. 798. |
| 650 #0 - SUBJECT ADDED ENTRY--TOPICAL TERM | |
| Topical term or geographic name entry element | Illumination of books and manuscripts, Medieval. |
| 710 2# - ADDED ENTRY--CORPORATE NAME | |
| Corporate name or jurisdiction name as entry element | Biblioteca Nacional (Spain) |
| 856 4# - ELECTRONIC LOCATION AND ACCESS | |
| Uniform Resource Identifier | <a href="www.moleiro.com">www.moleiro.com</a> |
| -- | <a href="www.beato-de-liebana.com">www.beato-de-liebana.com</a> |
| Withdrawn status | Lost status | Source of classification or shelving scheme | Damaged status | Not for loan | Collection | Home library | Current library | Date acquired | Total checkouts | Full call number | Barcode | Date last seen | Price effective from | Koha item type | Public note |
|---|---|---|---|---|---|---|---|---|---|---|---|---|---|---|---|
| Universal Decimal Classification | Levon Zekiyan Individual Collection | Fundamental Scientific Library | Fundamental Scientific Library | 09/01/2017 | Zek/563 | FL0216150 | 09/01/2017 | 09/01/2017 | Գրքեր / Books | ILL Non-Circ. |
ՀՀ Գիտությունների ազգային ակադեմիայի հիմնարար գիտական գրադարան = Fundamental Scientific Library of NAS RA
All site content, except where otherwise noted, is licensed under a